| 000 | 00353 a2200157 4500 | ||
|---|---|---|---|
| 001 | 61747 | ||
| 020 | _a8516030750 | ||
| 040 | _cAnchieta - Pituba | ||
| 100 | _aLadeira, Julieta de Godoy | ||
| 240 | 1 | 0 |
_aAntes que a Terra fuja _lpor |
| 245 | 1 | 0 | _aAntes que a Terra fuja |
| 300 | _a48 | ||
| 362 | 0 | _a2002 | |
| 650 | 4 | _aLiteratura juvenil | |
| 942 | _cBK | ||
| 999 |
_c61747 _d61747 |
||